MAASAI MARA UNIVERSITY

LIBRARY CATALOGUE

Contact Us: +254 020 2685356/7 or 0774 057787

Box: 861-20500, NAROK, KENYA

Email: info@mmarau.ac.ke

_Business in Action with real- time Updates Courtland L .Bovee (Record no. 13473)

MARC details
000 -LEADER
fixed length control field 00439nam a2200145Ia 4500
008 - FIXED-LENGTH DATA ELEMENTS--GENERAL INFORMATION
fixed length control field 151021s9999 xx 000 0 und d
020 ## - INTERNATIONAL STANDARD BOOK NUMBER
International Standard Book Number 9.7801361541e+012
050 ## - LIBRARY OF CONGRESS CALL NUMBER
Classification number HF1008 .B685 2008
245 ## - TITLE STATEMENT
Title _Business in Action with real- time Updates Courtland L .Bovee
260 ## - PUBLICATION, DISTRIBUTION, ETC. (IMPRINT)
Place of publication, distribution, etc. New jersey Pearson Education 2008
300 ## - PHYSICAL DESCRIPTION
Extent xliv,456p.;ill
650 ## - SUBJECT ADDED ENTRY--TOPICAL TERM
Topical term or geographic name as entry element _Business
700 ## - ADDED ENTRY--PERSONAL NAME
Personal name _John V.Till
980 ## - EQUIVALENCE OR CROSS-REFERENCE-SERIES STATEMENT--PERSONAL NAME/TITLE [LOCAL, CANADA]
Personal name ^d20130520 10:55:37^oanne

No items available.

© 2016 Maasai Mara University.